000 00542nam a2200181 u 4500
001 000631382
003 AM-YeHGA
005 20250617140450.0
008 090211s1962 ||| r 000 0 rus d
040 _aAM-YeHGA
041 0 _arus
100 1 _aКуняев, Станислав Юрьевич
245 1 0 _aЗвено :
_bСтихи /
_cСтанислав Куняев.
260 _aМосква :
_bСов. писатель,
_c1962.
300 _a80 с.
653 0 _aРусская советская поэзия
090 _c221832
999 _c220301
_d220301